000 00720cam a2200229 a 4500
001 1651917
005 20171221040306.0
008 970403s1997 mdua 001 0 eng c
010 _a 97008734
020 _a0683062255
040 _aDNLM/DLC
_cDLC
_dDLC
041 _aeng
060 1 0 _aQS 518.2 H518n 1997
080 _a611.018076 RAY
082 0 0 _a611.018076 RAY
_221
100 1 _a9
101 _aHIS
245 1 0 _aHistology /
_cRay C. Henrikson, Gordon I. Kaye, Joseph E. Mazurkiewicz.
906 _a7
_bcbc
_corignew
_d1
_eocip
_f19
_gy-gencatlg
942 _2ddc
_cBK
999 _c39265
_d39265